Corporate Divas (Record no. 332223)

MARC details
000 -LEADER
fixed length control field 00438nam a2200169Ia 4500
008 - FIXED-LENGTH DATA ELEMENTS--GENERAL INFORMATION
fixed length control field 230718s9999 xx 000 0 und d
020 ## - INTERNATIONAL STANDARD BOOK NUMBER
International Standard Book Number 9780143415138
041 ## - LANGUAGE CODE
Language code of text/sound track or separate title eng
082 ## - DEWEY DECIMAL CLASSIFICATION NUMBER
Classification number 823.4
Item number GOL
100 ## - MAIN ENTRY--PERSONAL NAME
Personal name Golani S.
9 (RLIN) 194495
245 ## - TITLE STATEMENT
Title Corporate Divas
260 ## - PUBLICATION, DISTRIBUTION, ETC. (IMPRINT)
Date of publication, distribution, etc. 2011
Name of publisher, distributor, etc. Portfolio/Penguin
300 ## - PHYSICAL DESCRIPTION
Extent 229
365 ## - TRADE PRICE
Currency code Rs.
Price amount 250.00
700 ## - ADDED ENTRY--PERSONAL NAME
Personal name Golani S.
9 (RLIN) 194495
906 ## - LOCAL DATA ELEMENT F, LDF (RLIN)
d O:0333919-Mar-2013B:284308-Mar-2013
c GENRL
b 55
Holdings
Withdrawn status Lost status Source of classification or shelving scheme Damaged status Not for loan Home library Current library Date acquired Vendor Budget Code Cost, normal purchase price Bill number Total Checkouts Full call number Barcode Date last seen Date last checked out Discount Cost, replacement price Bill Date Koha item type Original Barcode
    Dewey Decimal Classification     Cummins College of Engineering for Women Pune Cummins College of Engineering for Women Pune 19/03/2013 Technical Book Services GENRL 195.00 2843 11 823.4 CCEP-BK-43430 21/01/2026 06/01/2026 55 250.00 08/03/2013 Books 043430